[Event "Hessen-ch op-B"]
[Site "Frankfurt Sossenheim"]
[Date "2015.??.??"]
[Round "6"]
[White "Genis, Roy"]
[Black "Poetsch, Leonore"]
[Result "1/2-1/2"]
[WhiteElo "1952"]
[BlackElo "1657"]
[PlyCount "66"]
[EventDate "2015.05.13"]
[EventType "swiss"]
[EventRounds "7"]
[EventCountry "GER"]
[SourceTitle "EXT 2016"]
[Source "ChessBase"]
[SourceDate "2015.10.08"]
[SourceVersion "1"]
[SourceVersionDate "2015.10.08"]
[SourceQuality "1"]

1. e4 e6 2. d4 d5 3. exd5 exd5 4. Bd3 Bd6 5. Nf3 Ne7 6. 0-0 0-0 7. Bg5 f6 8. Bh4 Bf5 9. Re1 Bxd3 10. Qxd3 Ng6 11. Bg3 Na6 12. c3 c6 13. Nbd2 Nc7 14. Re2 Bxg3 15. hxg3 Qd7 16. Rae1 Rae8 17. Re3 Rxe3 18. Rxe3 Re8 19. Qe2 Rxe3 20. Qxe3 Qe6 21. Qxe6+ Nxe6 22. Nh4 Nxh4 23. gxh4 Kf7 24. g3 h5 25. Kg2 b6 26. f4 g6 27. Kf3 a5 28. a4 b5 29. axb5 cxb5 30. Ke3 Ke7 31. Nb3 a4 32. Nc5 Nxc5 33. dxc5 Kd7 1/2-1/2

[Event "Frankfurt-chA"]
[Site "Frankfurt"]
[Date "2013.04.29"]
[Round "1"]
[White "Rolle, Eric"]
[Black "Genis, Roy"]
[Result "1-0"]
[WhiteElo "2269"]
[BlackElo "1952"]
[PlyCount "117"]
[EventDate "2013.04.29"]
[EventType "swiss"]
[EventRounds "7"]
[EventCountry "GER"]
[SourceTitle "EXT 2014"]
[Source "ChessBase"]
[SourceDate "2013.11.20"]
[SourceVersion "1"]
[SourceVersionDate "2013.11.20"]
[SourceQuality "1"]

1. Nf3 d5 2. g3 c5 3. Bg2 Nc6 4. c4 d4 5. d3 e5 6. 0-0 Nf6 7. e3 Be7 8. exd4 exd4 9. Bg5 0-0 10. a3 a5 11. Re1 h6 12. Bf4 Bd6 13. Ne5 Nxe5 14. Bxe5 Ng4 15. Bxd6 Qxd6 16. Nd2 Nf6 17. Qc2 Rb8 18. b4 axb4 19. axb4 b6 20. Ra7 Bd7 21. b5 Rfe8 22. Ne4 Nxe4 23. Rxe4 Bf5 24. Re2 Qg6 25. Ra3 Rxe2 26. Qxe2 Qe6 27. Qxe6 fxe6 28. Kf1 Kh7 29. Ke2 e5 30. Ra7 Kg6 31. Rc7 Kf6 32. Rc6+ Ke7 33. Be4 Bxe4 34. dxe4 Rb7 35. f4 exf4 36. gxf4 Kf7 37. h4 Re7 38. e5 Re6 39. Kd3 Ke7 40. Rc7+ Kf8 41. Ke4 Re7 42. Rc8+ Kf7 43. Rb8 Rd7 44. Rxb6 Ke7 45. Kd3 Rc7 46. f5 Ra7 47. Ra6 Rb7 48. Rc6 Ra7 49. Rxc5 Ra3+ 50. Kxd4 Ra1 51. Rc7+ Kf8 52. b6 g5 53. fxg6 h5 54. b7 Rd1+ 55. Kc5 Rb1 56. e6 Ke8 57. g7 Rb5+ 58. cxb5 Kd8 59. Rd7+ 1-0

[Event "Frankfurt-chA"]
[Site "Frankfurt"]
[Date "2012.05.31"]
[Round "4"]
[White "Mager, Denis"]
[Black "Genis, Roy"]
[Result "1-0"]
[WhiteElo "1924"]
[BlackElo "1730"]
[PlyCount "93"]
[EventDate "2012.04.30"]
[EventType "swiss"]
[EventRounds "7"]
[EventCountry "GER"]
[SourceTitle "EXT 2013"]
[Source "ChessBase"]
[SourceDate "2012.11.22"]
[SourceVersion "1"]
[SourceVersionDate "2012.11.22"]
[SourceQuality "1"]

1. d4 d5 2. c4 c6 3. e3 Nf6 4. Nf3 e6 5. Nbd2 Bd6 6. b3 Nbd7 7. Bb2 0-0 8. Bd3 Qe7 9. Ne5 Ba3 10. Bxa3 Qxa3 11. f4 c5 12. 0-0 cxd4 13. exd4 Qb2 14. Ndf3 Ne4 15. Bxe4 dxe4 16. Rf2 Qa3 17. Nxd7 Bxd7 18. Ne5 Rad8 19. Qe1 f5 20. Rd1 Bc6 21. Qe3 a6 22. Rfd2 Qa5 23. h3 Rd6 24. g4 Qd8 25. gxf5 exf5 26. d5 Be8 27. c5 Rh6 28. Rg2 Bh5 29. Rdd2 Qh4 30. d6 Bf3 31. Nxf3 exf3 32. Qxf3 Qxh3 33. Qxh3 Rxh3 34. Rge2 Rd8 35. Re7 Rc3 36. Rc7 b6 37. cxb6 Re3 38. d7 Re7 39. b7 Kf7 40. Rc8 Rexd7 41. Rxd7+ Rxd7 42. b8Q Rd1+ 43. Kf2 Rd2+ 44. Ke3 Rxa2 45. Qb6 h6 46. Rc7+ Kg8 47. Qg6 1-0

[Event "Frankfurt-chA"]
[Site "Frankfurt"]
[Date "2012.05.14"]
[Round "3"]
[White "Genis, Roy"]
[Black "Seickel, Ralf"]
[Result "1-0"]
[WhiteElo "1730"]
[BlackElo "1928"]
[PlyCount "82"]
[EventDate "2012.04.30"]
[EventType "swiss"]
[EventRounds "7"]
[EventCountry "GER"]
[SourceTitle "EXT 2013"]
[Source "ChessBase"]
[SourceDate "2012.11.22"]
[SourceVersion "1"]
[SourceVersionDate "2012.11.22"]
[SourceQuality "1"]

1. e4 c5 2. c3 d6 3. d4 Nf6 4. Bd3 Qc7 5. Nf3 g6 6. 0-0 Bg7 7. Bf4 0-0 8. Nbd2 b6 9. d5 Nbd7 10. Qc2 Ne5 11. Bxe5 dxe5 12. Rac1 Nh5 13. Bb5 Rb8 14. Bc6 Nf4 15. Rfe1 Bg4 16. g3 Qc8 17. Re3 Bxf3 18. Nxf3 Nh3+ 19. Kg2 f6 20. Rce1 Bh6 21. Rd3 Qg4 22. Rde3 Bxe3 23. Rxe3 Nf4+ 24. Kh1 Qh3 25. gxf4 exf4 26. Ng1 Qg4 27. Rf3 Rbc8 28. Qa4 Rc7 29. Qc4 Kg7 30. Qf1 e5 31. c4 f5 32. exf5 Qxf5 33. Rc3 Kh8 34. Ba4 Rf6 35. Bc2 Qg4 36. Qh3 Qxh3 37. Nxh3 h6 38. f3 Kg7 39. Nf2 h5 40. Ne4 Rf5 41. Nd6 Rf6 1-0

[Event "Frankfurt-chA"]
[Site "Frankfurt"]
[Date "2012.04.30"]
[Round "1"]
[White "Genis, Roy"]
[Black "Koch, Markus"]
[Result "0-1"]
[WhiteElo "1730"]
[BlackElo "2154"]
[PlyCount "104"]
[EventDate "2012.04.30"]
[EventType "swiss"]
[EventRounds "7"]
[EventCountry "GER"]
[SourceTitle "EXT 2013"]
[Source "ChessBase"]
[SourceDate "2012.11.22"]
[SourceVersion "1"]
[SourceVersionDate "2012.11.22"]
[SourceQuality "1"]

1. e4 c5 2. c3 d5 3. exd5 Qxd5 4. d4 Nf6 5. Nf3 e6 6. Bd3 Be7 7. 0-0 0-0 8. Bg5 Nc6 9. dxc5 Rd8 10. Bc2 Qxc5 11. Qe2 a6 12. Nbd2 Qb5 13. Qxb5 axb5 14. a3 h6 15. Bxf6 Bxf6 16. Ne4 Be7 17. Rfd1 f5 18. Rxd8+ Nxd8 19. Ned2 Nc6 20. Re1 Bf6 21. Bb3 Kf7 22. Nf1 Ke7 23. Ne3 Kd6 24. Rd1+ Kc7 25. h3 Bd7 26. Ne1 g5 27. Nd3 b6 28. f4 Na5 29. Ba2 Nb7 30. Ne5 Bc8 31. Ng6 Nc5 32. g3 Bb7 33. Ne5 gxf4 34. gxf4 Rg8+ 35. Kh2 Bxe5 36. fxe5 f4 37. Ng4 h5 38. b4 hxg4 39. bxc5 g3+ 40. Kg1 f3 41. Bxe6 f2+ 42. Kf1 Rf8 43. Rd7+ Kb8 44. Rf7 Re8 45. cxb6 Rxe6 46. Rf8+ Bc8 47. Rg8 Rxe5 48. Rxg3 Rf5 49. Rg2 Rf3 50. Rxf2 Bxh3+ 51. Ke2 Rxc3 52. Rf3 Bg4 0-1

[Event "Hessen-chB"]
[Site "Offenbach"]
[Date "2012.04.06"]
[Round "5"]
[White "Krapf, Walter"]
[Black "Genis, Roy"]
[Result "1/2-1/2"]
[WhiteElo "1725"]
[BlackElo "1935"]
[PlyCount "83"]
[EventDate "2012.04.05"]
[EventType "swiss"]
[EventRounds "7"]
[EventCountry "GER"]
[SourceTitle "EXT 2013"]
[Source "ChessBase"]
[SourceDate "2012.11.22"]
[SourceVersion "1"]
[SourceVersionDate "2012.11.22"]
[SourceQuality "1"]

1. d4 d5 2. c4 c6 3. cxd5 cxd5 4. Nf3 Nc6 5. Nc3 Nf6 6. e3 Bg4 7. h3 Bh5 8. Bd3 e6 9. Qb3 Rb8 10. Bb5 Bxf3 11. gxf3 Bd6 12. Qa4 Qb6 13. e4 Be7 14. Bf4 Rc8 15. Bg5 a6 16. Bxc6+ bxc6 17. Rb1 Nd7 18. Bxe7 Kxe7 19. Qa3+ Kd8 20. 0-0 Qxd4 21. Qxa6 Qb6 22. Qxb6+ Nxb6 23. Rfd1 Re8 24. Rbc1 Ra8 25. b3 Kd7 26. f4 f5 27. e5 Rec8 28. Kf1 c5 29. a4 d4 30. Nb5 Nd5 31. Rc4 Rab8 32. Rdc1 Nxf4 33. Rxc5 Rxc5 34. Rxc5 d3 35. Ke1 Rc8 36. Rxc8 Kxc8 37. Nd6+ Kd7 38. a5 Nd5 39. Kd2 Nb4 40. Kc3 Kc6 41. Nc4 Kc5 42. Nb2 1/2-1/2

[Event "Frankfurt-ch"]
[Site "Frankfurt"]
[Date "2010.05.03"]
[Round "2"]
[White "Koch, Markus"]
[Black "Genis, Roy"]
[Result "1-0"]
[WhiteElo "2045"]
[BlackElo "1947"]
[PlyCount "63"]
[EventDate "2010.04.26"]
[EventType "swiss"]
[EventRounds "7"]
[EventCountry "GER"]
[SourceTitle "EXT 2011"]
[Source "ChessBase"]
[SourceDate "2010.11.26"]
[SourceVersion "1"]
[SourceVersionDate "2010.11.26"]
[SourceQuality "1"]

1. c4 Nf6 2. Nc3 e6 3. g3 d5 4. d4 c6 5. Bg2 Nbd7 6. Nf3 Bd6 7. 0-0 0-0 8. b3 a6 9. Bb2 b5 10. Qc2 b4 11. Na4 a5 12. Rac1 Bb7 13. Ne5 Rc8 14. c5 Be7 15. Nxd7 Nxd7 16. e4 Ba6 17. Rfe1 Bb5 18. e5 Bxa4 19. bxa4 Qc7 20. Bh3 Rb8 21. Qd3 Rb7 22. f4 Rfb8 23. Rf1 g6 24. Bg4 Kg7 25. Bd1 Rh8 26. g4 Rbb8 27. f5 exf5 28. gxf5 f6 29. Rc2 Rbg8 30. Rg2 g5 31. Qg3 h6 32. exf6+ 1-0

[Event "Hessen-ch Gr-C 64th"]
[Site "Bad Vilbel"]
[Date "2010.04.02"]
[Round "4"]
[White "Genis, Roy"]
[Black "Eibelshaeuser, Stefan"]
[Result "0-1"]
[WhiteElo "1947"]
[BlackElo "2057"]
[PlyCount "92"]
[EventDate "2010.03.31"]
[EventType "swiss"]
[EventRounds "7"]
[EventCountry "GER"]
[SourceTitle "EXT 2011"]
[Source "ChessBase"]
[SourceDate "2010.11.26"]
[SourceVersion "1"]
[SourceVersionDate "2010.11.26"]
[SourceQuality "1"]

1. e4 e5 2. Nf3 Nf6 3. Nxe5 d6 4. Nf3 Nxe4 5. d4 d5 6. Bd3 Bd6 7. 0-0 Bg4 8. Re1 f5 9. c4 0-0 10. c5 Bxh2+ 11. Kxh2 Nxf2 12. Qe2 Nxd3 13. Qxd3 Bxf3 14. Qe3 Be4 15. Nc3 Nc6 16. Bd2 Qh4+ 17. Kg1 Rae8 18. Qf4 Qxf4 19. Bxf4 Nxd4 20. Rad1 Ne6 21. Be3 c6 22. b4 Rf6 23. g3 Rg6 24. Kf2 Rf8 25. Rg1 f4 26. gxf4 Rxg1 27. Kxg1 Bg6 28. b5 d4 29. Bxd4 Rd8 30. Be3 Rxd1+ 31. Nxd1 cxb5 32. a3 Bd3 33. Nc3 a6 34. Kf2 Kf7 35. Nd5 Be4 36. Nc3 Bc6 37. Ne2 a5 38. Bd2 Nxc5 39. Bxa5 g6 40. Bb6 Na4 41. Bd4 Ke6 42. Nc3 Kf5 43. Kg3 Nb2 44. Nxb5 Nc4 45. a4 Ke4 46. Kg4 Bxb5 0-1

[Event "Hessen-ch Gr-C 64th"]
[Site "Bad Vilbel"]
[Date "2010.04.01"]
[Round "3"]
[White "Raetsch, Kurt"]
[Black "Genis, Roy"]
[Result "0-1"]
[WhiteElo "2069"]
[BlackElo "1947"]
[PlyCount "98"]
[EventDate "2010.03.31"]
[EventType "swiss"]
[EventRounds "7"]
[EventCountry "GER"]
[SourceTitle "EXT 2011"]
[Source "ChessBase"]
[SourceDate "2010.11.26"]
[SourceVersion "1"]
[SourceVersionDate "2010.11.26"]
[SourceQuality "1"]

1. b3 e5 2. Bb2 Nc6 3. e4 Nf6 4. d3 Bc5 5. Be2 d6 6. Nd2 Be6 7. c3 d5 8. b4 Bd6 9. exd5 Nxd5 10. b5 Na5 11. Ne4 Nf4 12. Bf1 a6 13. g3 Nd5 14. bxa6 Rxa6 15. Nf3 Rb6 16. Nxd6+ Qxd6 17. Qa4+ Nc6 18. Ba3 Nxc3 19. Bxd6 Nxa4 20. Bxc7 Rb2 21. Bg2 f6 22. Bd6 Kd7 23. Ba3 Rxa2 24. 0-0 Rxa1 25. Rxa1 Nc3 26. Bb2 Nd5 27. Nd2 Ndb4 28. Ne4 b6 29. Bc3 Rc8 30. Rb1 Nd5 31. Bd2 Nd4 32. Be3 Rc6 33. Nd2 Ne2+ 34. Kf1 Nec3 35. Ra1 Bf5 36. Ne4 Nxe3+ 37. fxe3 Nxe4 38. dxe4 Be6 39. Bf3 Bc4+ 40. Ke1 Rc7 41. Kd2 Kc6 42. Rc1 b5 43. Be2 Kb6 44. Bd1 Ra7 45. Bc2 Kc5 46. Kc3 Ra3+ 47. Kd2 Ra2 48. Ke1 b4 49. Kd2 Bb3 0-1

[Event "Frankfurt-ch"]
[Site "Frankfurt"]
[Date "2009.06.22"]
[Round "6"]
[White "Perlitz, Sven"]
[Black "Genis, Roy"]
[Result "1-0"]
[WhiteElo "2152"]
[BlackElo "1937"]
[PlyCount "91"]
[EventDate "2009.04.27"]
[EventType "tourn"]
[EventRounds "7"]
[EventCountry "GER"]
[SourceTitle "EXT 2010"]
[Source "ChessBase"]
[SourceDate "2010.11.25"]
[SourceVersion "1"]
[SourceVersionDate "2010.11.25"]
[SourceQuality "1"]

1. e4 b6 2. d4 Bb7 3. Nc3 e6 4. a3 Nf6 5. e5 Nd5 6. Ne4 f5 7. Ng5 c5 8. Be2 g6 9. h4 h5 10. N1f3 cxd4 11. Nxd4 Bc5 12. Ngf3 Bxd4 13. Nxd4 Nc6 14. Nb5 Qb8 15. Nd6+ Kf8 16. f4 Nde7 17. Bf3 Rh7 18. b4 Nc8 19. Nxb7 Qxb7 20. b5 N8e7 21. bxc6 Nxc6 22. a4 Qc7 23. Ba3+ Ke8 24. Qd2 Rc8 25. Bd6 Qd8 26. g3 Na5 27. Be2 Nc4 28. Bxc4 Rxc4 29. a5 Qa8 30. 0-0 b5 31. Bb4 Qd5 32. Qxd5 exd5 33. c3 Kf7 34. Rad1 Ke6 35. Rd3 Rh8 36. Rfd1 Rb8 37. Rxd5 Rb7 38. Rd6+ Kf7 39. Rf6+ Kg7 40. Rdd6 Rc6 41. Rxg6+ Kh7 42. Rxc6 dxc6 43. Rg5 Rf7 44. Rxh5+ Kg6 45. Rg5+ Kh6 46. e6 1-0

[Event "Main Vogelsberg op 4th"]
[Site "Heusenstamm"]
[Date "2009.05.03"]
[Round "6"]
[White "Muchamedov, Sergej"]
[Black "Genis, Roy"]
[Result "0-1"]
[WhiteElo "1452"]
[BlackElo "1937"]
[PlyCount "157"]
[EventDate "2009.04.30"]
[EventType "swiss"]
[EventRounds "7"]
[EventCountry "GER"]
[SourceTitle "CBM 130 Extra"]
[Source "ChessBase"]
[SourceDate "2009.07.02"]
[SourceVersion "2"]
[SourceVersionDate "2009.07.15"]
[SourceQuality "1"]

1. d4 d5 2. c4 c6 3. Nc3 e5 4. dxe5 d4 5. Ne4 Qa5+ 6. Nd2 Qxe5 7. Ngf3 Qc5 8. Nb3 Qxc4 9. Qxd4 Bb4+ 10. Bd2 Qxd4 11. Nbxd4 Bxd2+ 12. Nxd2 Nf6 13. e3 Nbd7 14. Be2 0-0 15. 0-0 Ne5 16. b4 Bd7 17. h3 a6 18. e4 Rad8 19. N4b3 Be6 20. Rfd1 Bxb3 21. axb3 Rd4 22. f3 Rxb4 23. f4 Ng6 24. e5 Nd5 25. g3 Nc3 26. Re1 Rd8 27. Rac1 Nxe2+ 28. Rxe2 Ne7 29. Rc4 Rd4 30. Rxb4 Rxb4 31. Re4 Nd5 32. Rxb4 Nxb4 33. Kf2 Kf8 34. Nc4 Ke7 35. Ke3 b5 36. Nd6 a5 37. Nf5+ Kf8 38. Nd4 a4 39. bxa4 bxa4 40. Kd2 a3 41. Nc2 a2 42. Na1 Ke7 43. Kc3 Nd5+ 44. Kb3 Ne3 45. Kxa2 Nf1 46. g4 f6 47. exf6+ Kxf6 48. Nc2 h5 49. Nd4 hxg4 50. hxg4 c5 51. g5+ Kf7 52. Nf3 Ng3 53. Kb3 Kg6 54. Nh4+ Kh5 55. Ng2 Kg4 56. Kc4 Ne4 57. Kd5 Kf3 58. g6 Nf6+ 59. Kxc5 Kxg2 60. Kd6 Kg3 61. f5 Kg4 62. Ke6 Kg5 63. Kf7 Nh5 64. Ke6 Nf6 65. Kf7 Kh6 66. Ke6 Ne4 67. Kf7 Nd6+ 68. Ke6 Nxf5 69. Kxf5 Kh5 70. Kf4 Kxg6 71. Kg4 Kf6 72. Kg3 Kg5 73. Kg2 Kg4 74. Kg1 Kg3 75. Kh1 g5 76. Kg1 g4 77. Kh1 Kf2 78. Kh2 g3+ 79. Kh1 0-1

[Event "Main Vogelsberg op 4th"]
[Site "Heusenstamm"]
[Date "2009.05.01"]
[Round "2"]
[White "Prudlo, Simon"]
[Black "Genis, Roy"]
[Result "1-0"]
[WhiteElo "2238"]
[BlackElo "1937"]
[PlyCount "75"]
[EventDate "2009.04.30"]
[EventType "swiss"]
[EventRounds "7"]
[EventCountry "GER"]
[SourceTitle "CBM 130 Extra"]
[Source "ChessBase"]
[SourceDate "2009.07.02"]
[SourceVersion "2"]
[SourceVersionDate "2009.07.15"]
[SourceQuality "1"]

1. e4 b6 2. d3 Bb7 3. Nf3 Nc6 4. Be2 e5 5. c3 Nf6 6. 0-0 Be7 7. Nbd2 d5 8. b4 dxe4 9. dxe4 Bd6 10. a3 0-0 11. Qc2 a5 12. Bb2 axb4 13. cxb4 Qe7 14. Rfe1 Rfd8 15. Bb5 Na7 16. Bc4 b5 17. Ba2 Bc8 18. Ng5 Rf8 19. f4 h6 20. Nxf7 Rxf7 21. Qb3 c5 22. Qxf7+ Qxf7 23. Bxf7+ Kxf7 24. fxe5 Bxe5 25. Bxe5 c4 26. Bxf6 Kxf6 27. e5+ Ke7 28. a4 Nc6 29. axb5 Rxa1 30. Rxa1 Nxe5 31. Ra7+ Kf6 32. Rc7 Be6 33. b6 Bd5 34. b7 c3 35. b8Q cxd2 36. Qd8+ Ke6 37. Re7+ Kf6 38. Qd6+ 1-0

[Event "Frankfurt-ch"]
[Site "Frankfurt"]
[Date "2008.05.05"]
[Round "2"]
[White "Genis, Roy"]
[Black "Tramnitz, Christian"]
[Result "1-0"]
[WhiteElo "1917"]
[BlackElo "1529"]
[PlyCount "57"]
[EventDate "2008.04.28"]
[EventType "swiss"]
[EventRounds "7"]
[EventCountry "GER"]
[SourceTitle "EXT 2009"]
[Source "ChessBase"]
[SourceDate "2008.11.26"]
[SourceVersion "1"]
[SourceVersionDate "2008.11.26"]
[SourceQuality "1"]

1. e4 e5 2. Nf3 Nc6 3. d4 f6 4. d5 Nce7 5. Bc4 Ng6 6. Nc3 a6 7. Be3 Bb4 8. Qd2 d6 9. h3 N8e7 10. a3 Ba5 11. b4 Bb6 12. 0-0 0-0 13. a4 f5 14. a5 fxe4 15. Nxe4 Ba7 16. Bxa7 Rxa7 17. Bb3 Bxh3 18. Qe3 Bg4 19. Qxa7 Bxf3 20. Ng5 Bg4 21. f3 Bd7 22. Ne6 Bxe6 23. dxe6 Kh8 24. Qxb7 Nf4 25. Rfe1 Nf5 26. Re4 Qg5 27. Rxf4 exf4 28. Qd5 Nh4 29. Qxg5 1-0

[Event "Frankfurt-ch"]
[Site "Frankfurt"]
[Date "2008.04.28"]
[Round "1"]
[White "Reschke, Stefan"]
[Black "Genis, Roy"]
[Result "1-0"]
[WhiteElo "2360"]
[BlackElo "1917"]
[PlyCount "75"]
[EventDate "2008.04.28"]
[EventType "swiss"]
[EventRounds "7"]
[EventCountry "GER"]
[SourceTitle "EXT 2009"]
[Source "ChessBase"]
[SourceDate "2008.11.26"]
[SourceVersion "1"]
[SourceVersionDate "2008.11.26"]
[SourceQuality "1"]

1. Nf3 d5 2. g3 c5 3. Bg2 Nc6 4. d4 cxd4 5. Nxd4 e5 6. Nxc6 bxc6 7. c4 Bb4+ 8. Nc3 Bxc3+ 9. bxc3 Ne7 10. Ba3 Be6 11. Qa4 0-0 12. Rd1 Re8 13. 0-0 Qc7 14. Bxe7 Rxe7 15. cxd5 cxd5 16. c4 Rd8 17. cxd5 Bd7 18. Qb4 Ree8 19. Rc1 Qb6 20. Qxb6 axb6 21. Rb1 b5 22. e4 Ra8 23. Rb2 Ra4 24. Rc1 Kf8 25. Rc7 Ke7 26. Rxb5 Kd6 27. Rbb7 Rd8 28. Bh3 Be8 29. f3 Rxa2 30. Rc1 Rd2 31. Ra1 Kc5 32. Bf1 Bd7 33. Ra6 Rd1 34. Rc7+ Kb4 35. Rb6+ Ka5 36. Rb2 Bc8 37. Ra7+ Ba6 38. Rxa6# 1-0

[Event "Hessen-ch Gr-C 62nd"]
[Site "Hanau"]
[Date "2008.03.23"]
[Round "7"]
[White "Iwanziw, Niklas"]
[Black "Genis, Roy"]
[Result "1-0"]
[WhiteElo "1820"]
[BlackElo "1917"]
[PlyCount "135"]
[EventDate "2008.03.19"]
[EventType "swiss"]
[EventRounds "7"]
[EventCountry "GER"]
[SourceTitle "CBM 123 Extra"]
[Source "ChessBase"]
[SourceDate "2008.05.06"]
[SourceVersion "1"]
[SourceVersionDate "2008.05.06"]
[SourceQuality "1"]

1. d4 d5 2. c4 c6 3. Nf3 Nf6 4. e3 e6 5. b3 Nbd7 6. Qc2 Bd6 7. Bb2 0-0 8. Nbd2 Re8 9. Be2 e5 10. e4 dxe4 11. Nxe4 Nxe4 12. Qxe4 Bb4+ 13. Nd2 Qa5 14. Qe3 e4 15. a3 Bxd2+ 16. Qxd2 Qxd2+ 17. Kxd2 f5 18. Rae1 Nf6 19. Bd1 Bd7 20. h3 Kf7 21. f3 Re7 22. Re2 Rae8 23. Rhe1 f4 24. fxe4 Nxe4+ 25. Kc1 g5 26. Bc2 Bf5 27. a4 Ng3 28. Re5 Rxe5 29. dxe5 Bxc2 30. Kxc2 Rd8 31. e6+ Kg6 32. e7 Re8 33. Ba3 Nf5 34. Kc3 Kf6 35. Rd1 Nxe7 36. Rd6+ Ke5 37. Rd1 Nf5 38. Re1+ Ne3 39. Bc5 Kf5 40. Bxa7 Nd5+ 41. Kd2 Rxe1 42. Kxe1 Nc3 43. Bd4 Ne4 44. Ke2 h5 45. b4 g4 46. hxg4+ hxg4 47. b5 c5 48. Bg1 Ke5 49. a5 f3+ 50. gxf3 gxf3+ 51. Ke3 Nd6 52. Bh2+ Ke6 53. Bxd6 Kxd6 54. Kxf3 Kc7 55. Kf4 Kd6 56. Kf5 Kd7 57. Ke5 Kc7 58. Kd5 b6 59. axb6+ Kxb6 60. Kd6 Kb7 61. Kxc5 Kc7 62. b6+ Kb7 63. Kb5 Kc8 64. c5 Kb7 65. c6+ Kc8 66. Ka6 Kb8 67. b7 Kc7 68. Ka7 1-0

[Event "Frankfurt-ch"]
[Site "Frankfurt"]
[Date "2007.06.11"]
[Round "6"]
[White "Bischoff, Ulrich"]
[Black "Genis, Roy"]
[Result "0-1"]
[WhiteElo "2090"]
[BlackElo "1895"]
[PlyCount "82"]
[EventDate "2007.04.30"]
[EventType "swiss"]
[EventRounds "7"]
[EventCountry "GER"]
[SourceTitle "EXT 2008"]
[Source "ChessBase"]
[SourceDate "2007.11.25"]
[SourceVersion "1"]
[SourceVersionDate "2007.11.25"]
[SourceQuality "1"]

1. e4 e5 2. Nf3 Nc6 3. d4 exd4 4. Nxd4 Qh4 5. Nc3 Bb4 6. Be2 Qxe4 7. Ndb5 Bxc3+ 8. bxc3 Kd8 9. 0-0 Nf6 10. Bg5 d6 11. Re1 Qf5 12. Bh4 Re8 13. c4 a6 14. Nxd6 cxd6 15. Qxd6+ Bd7 16. Bf3 Rc8 17. Rxe8+ Kxe8 18. Re1+ Be6 19. Bd5 Nd8 20. f3 h5 21. Bf2 Nd7 22. Bd4 g5 23. c3 Qf4 24. Qb4 Qc7 25. g3 Nc6 26. Qb1 Nxd4 27. cxd4 Nf8 28. Qf5 Qe7 29. Qe5 Ng6 30. Qg7 Nf8 31. f4 gxf4 32. gxf4 f5 33. Qh6 Kd7 34. c5 Qf7 35. Bxb7 Rc7 36. Bxa6 Ng6 37. Bb5+ Kc8 38. Qxh5 Nxf4 39. Qh8+ Kb7 40. c6+ Kb6 41. Qa8 Qg6+ 0-1

[Event "Main Vogelsberg op 2nd"]
[Site "Grossauheim"]
[Date "2007.06.10"]
[Round "6"]
[White "Tautz, Hendrik"]
[Black "Genis, Roy"]
[Result "1/2-1/2"]
[WhiteElo "1605"]
[BlackElo "1745"]
[PlyCount "95"]
[EventDate "2007.06.07"]
[EventType "swiss"]
[EventRounds "7"]
[EventCountry "GER"]
[SourceTitle "EXT 2008"]
[Source "ChessBase"]
[SourceDate "2007.11.25"]
[SourceVersion "1"]
[SourceVersionDate "2007.11.25"]
[SourceQuality "1"]

1. e4 e5 2. Nf3 Nc6 3. Bb5 f5 4. Nc3 fxe4 5. Nxe4 Nf6 6. d3 d5 7. Nc3 Bd6 8. Bg5 h6 9. Bxf6 Qxf6 10. Nxd5 Qf7 11. Ne3 0-0 12. Qe2 Nd4 13. Nxd4 exd4 14. Bc4 Be6 15. Bxe6 Qxe6 16. Nc4 Bb4+ 17. Kd1 Rae8 18. Qxe6+ Rxe6 19. a3 Bd6 20. Nxd6 Rxd6 21. Rf1 Rf5 22. Kd2 Rb5 23. b3 Rg6 24. g3 Re5 25. Rae1 Rxe1 26. Rxe1 Kf7 27. Re4 c5 28. f4 Rd6 29. Re5 b6 30. Ke2 Kf6 31. Kf3 g6 32. Ke4 a5 33. a4 Rd7 34. g4 Rd6 35. h4 Rd7 36. f5 Rd6 37. fxg6 Kxg6 38. h5+ Kg7 39. g5 Kf7 40. Kf5 hxg5 41. Kxg5 Kg7 42. Re7+ Kf8 43. Rb7 Kg8 44. h6 Kh8 45. Rf7 Re6 46. Rf2 Kh7 47. Rh2 Re3 48. Kf5 1/2-1/2

[Event "Main Vogelsberg op 2nd"]
[Site "Grossauheim"]
[Date "2007.06.08"]
[Round "3"]
[White "Genis, Roy"]
[Black "Scharmann, Hartmut"]
[Result "1-0"]
[WhiteElo "1745"]
[BlackElo "1457"]
[PlyCount "93"]
[EventDate "2007.06.07"]
[EventType "swiss"]
[EventRounds "7"]
[EventCountry "GER"]
[SourceTitle "EXT 2008"]
[Source "ChessBase"]
[SourceDate "2007.11.25"]
[SourceVersion "1"]
[SourceVersionDate "2007.11.25"]
[SourceQuality "1"]

1. e4 c5 2. c3 e6 3. d4 b6 4. d5 d6 5. c4 Nf6 6. Nc3 Be7 7. Nf3 0-0 8. Be2 exd5 9. exd5 Bf5 10. Bd3 Qc8 11. 0-0 Re8 12. Bg5 Bxd3 13. Qxd3 Nbd7 14. Rfe1 Qd8 15. Re2 Ng4 16. Bxe7 Rxe7 17. Ng5 Ngf6 18. Rae1 Rxe2 19. Qxe2 Qf8 20. Nge4 Re8 21. Nxf6+ Nxf6 22. Qd1 Re7 23. Kf1 Qe8 24. Nb5 Qd7 25. Rxe7 Qxe7 26. Qe2 Qd7 27. h3 Kf8 28. g4 h6 29. b3 a6 30. Nc3 Qe7 31. f3 Nd7 32. f4 Qf6 33. Qe3 Ne5 34. Ne4 Nxg4 35. hxg4 Qa1+ 36. Kf2 Qxa2+ 37. Kf3 Qc2 38. Nxd6 Qd1+ 39. Kg3 Kg8 40. f5 Qf1 41. Ne4 f6 42. Nd6 Kh7 43. Ne4 Kg8 44. Nd2 Qh1 45. d6 Qc6 46. Qe6+ Kh7 47. Ne4 1-0

[Event "Frankfurt-ch"]
[Site "Frankfurt"]
[Date "2007.06.04"]
[Round "5"]
[White "Genis, Roy"]
[Black "Fernandez Egea, Andres"]
[Result "1-0"]
[WhiteElo "1895"]
[BlackElo "2043"]
[PlyCount "101"]
[EventDate "2007.04.30"]
[EventType "swiss"]
[EventRounds "7"]
[EventCountry "GER"]
[SourceTitle "EXT 2008"]
[Source "ChessBase"]
[SourceDate "2007.11.25"]
[SourceVersion "1"]
[SourceVersionDate "2007.11.25"]
[SourceQuality "1"]

1. e4 e5 2. Nf3 Nc6 3. d4 exd4 4. Nxd4 Nf6 5. Nxc6 bxc6 6. e5 Qe7 7. Qe2 Nd5 8. c4 Nb6 9. Nc3 Qe6 10. b3 a5 11. Bb2 Ba6 12. Qe4 Bb4 13. 0-0-0 0-0 14. Bd3 g6 15. h4 a4 16. h5 axb3 17. axb3 d5 18. exd6 Qf6 19. Na2 Ba3 20. Rd2 Bxb2+ 21. Rxb2 Qxd6 22. hxg6 fxg6 23. Re1 Bc8 24. g4 Bxg4 25. Qxg4 Qxd3 26. Qe6+ Rf7 27. Rd1 Qf3 28. Rbd2 Qxb3 29. Rd8+ Rxd8 30. Rxd8+ Kg7 31. Qe5+ Kh6 32. Qh2+ Kg5 33. Qe5+ Rf5 34. Qe7+ Kh6 35. Qh4+ Kg7 36. Qe7+ Rf7 37. Qe5+ Kh6 38. Qh2+ Kg5 39. Qe5+ Kg4 40. Rd4+ Kh3 41. Qe4 Rf3 42. Qh4+ Kg2 43. Rg4+ Kf1 44. Qh1+ Kxf2 45. Qg1+ Ke2 46. Qg2+ Rf2 47. Re4+ Kd3 48. Qg3+ Kxe4 49. Qxb3 h5 50. Nb4 g5 51. Qd3+ 1-0

[Event "Main Vogelsberg op 1st"]
[Site "Hanau"]
[Date "2006.05.01"]
[Round "7.15"]
[White "Czech, Ludwig"]
[Black "Genis, Roy"]
[Result "1/2-1/2"]
[WhiteElo "2139"]
[BlackElo "1879"]
[PlyCount "74"]
[EventDate "2006.04.28"]
[EventType "swiss"]
[EventRounds "7"]
[EventCountry "GER"]
[SourceTitle "EXT 2022"]
[Source "ChessBase"]
[SourceDate "2021.10.06"]
[SourceVersion "1"]
[SourceVersionDate "2021.10.06"]
[SourceQuality "1"]

1. c4 Nf6 2. g3 e6 3. Nf3 d5 4. cxd5 exd5 5. Bg2 c6 6. 0-0 Bf5 7. d3 Nbd7 8. Nh4 Be6 9. f4 d4 10. f5 Bd5 11. e4 dxe3 12. Bxe3 Be7 13. Nc3 Bxg2 14. Nxg2 0-0 15. Ne4 Ne5 16. Ne1 Nfg4 17. Qe2 Bb4 18. Rd1 Bxe1 19. Rfxe1 Nxe3 20. Qxe3 Qb6 21. d4 Rad8 22. Rf1 Nc4 23. Qc3 Nd6 24. Nc5 Nb5 25. Qc4 Nd6 26. Qc1 Rfe8 27. f6 Re2 28. Rfe1 Rxe1+ 29. Rxe1 Re8 30. fxg7 Rxe1+ 31. Qxe1 Qxb2 32. Qe5 Qb1+ 33. Kg2 Qc2+ 34. Kf3 Qd1+ 35. Kg2 Qc2+ 36. Kf3 Qd1+ 37. Kg2 Qc2+ 1/2-1/2